000 00673nam a2200241Ia 4500
003 OSt
005 20220924125127.0
006 a|||||r|||| 00| 0
007 ta
008 220923b |||||||| |||| 00| 0 urd d
024 _a315959
037 _cTextual
040 _aARTS
_cARTS
_burd
041 _2urd
_aurd
082 _aO168,1NJAx, M1
100 _aJaafri Jaafar Raza
_9197603
245 0 _aGulhaye-e-Jaafri
260 _aPeshvar
_bZulfiqar Pakistan
_c1981
650 _aURDU POETRY
700 _a Hamdani Raza Ed.
_9197604
942 _hO168,1NJAx, M1
_cTEXL
_2CC
999 _c421814
_d421814